| 000 | 00511 a2200169 4500 | ||
|---|---|---|---|
| 003 | NUST | ||
| 005 | 20230123134744.0 | ||
| 040 | _cNust | ||
| 082 | _a808.83,CAT | ||
| 100 |
_aCather ,Willa _950729 |
||
| 245 |
_aMy Antonia / _cWilla Cather |
||
| 260 |
_aLondon _bWilliam _c1945 |
||
| 300 | _a209:p. | ||
| 505 | _aThe Shimerdas (Page-1), The Hired Girls (Page-82), Lena Lingard (Page-148), The Pioneer Women Story (Page-170), Cuzak’s Boys (Page-185). | ||
| 650 |
_aNovel _92525 |
||
| 942 |
_2ddc _cBK _k808.83,CAT |
||
| 999 |
_c186838 _d186838 |
||